El evangelio de Lucas y las escrituras de Israel : la importancia de la tipología en Lucas /
Gespeichert in:
| 1. Verfasser: | |
|---|---|
| Weitere Verfasser: | |
| Format: | Elektronisch E-Book |
| Sprache: | Spanisch Französisch |
| Veröffentlicht: |
Estella (Navarra), España :
Editorial Verbo Divino,
[2019]
|
| Ausgabe: | Edición digital. |
| Schriftenreihe: | Cuadernos bíblicos ;
185. |
| Schlagworte: | |
| Online-Zugang: | Digitalia Hispánica |
| Tags: |
Tag hinzufügen
Keine Tags, Fügen Sie den ersten Tag hinzu!
|
MARC
| LEADER | 00000nam a2200000Ii 4500 | ||
|---|---|---|---|
| 001 | DIGVEDIV0453 | ||
| 003 | NyNyDIG | ||
| 008 | 220319s2019 sp ob 000 0 spa d | ||
| 006 | m o d | ||
| 007 | cr ||||||||||| | ||
| 035 | |a (OCoLC)1319851651 | ||
| 040 | |a DGITA |b eng |e rda |e pn |c DGITA | ||
| 020 | |a 9788490734810 |q eBook |q ePub | ||
| 020 | |z 9788490734803 | ||
| 041 | 1 | |a spa |h fre | |
| 050 | 1 | 4 | |a PC3942.428.I68 ebook |
| 100 | 1 | |a Aletti, Jean-Noël, |e author. | |
| 240 | 1 | 0 | |a Évangile de Luc et les Écritures d'Israël. |l Spanish |s (Pérez Escobar) |
| 245 | 1 | 3 | |a El evangelio de Lucas y las escrituras de Israel : |b la importancia de la tipología en Lucas / |c Jean -Noël Aletti ; traducción, José Pérez Escobar. |
| 250 | |a Edición digital. | ||
| 264 | 1 | |a Estella (Navarra), España : |b Editorial Verbo Divino, |c [2019] | |
| 300 | |a 1 online resource. | ||
| 336 | |a text |b txt |2 rdacontent | ||
| 337 | |a computer |b c |2 rdamedia | ||
| 338 | |a online resource |b cr |2 rdacarrier | ||
| 347 | |a text file |2 rdaft | ||
| 347 | |b EPUB | ||
| 490 | 1 | |a CB ; |v 185 | |
| 504 | |a Includes bibliographical references. | ||
| 588 | 0 | |a Online resource; title from ePub title page (Digitalia, viewed March 19, 2022) | |
| 630 | 0 | 0 | |a Bible. |p Luke |x Criticism, interpretation, etc. |
| 630 | 0 | 0 | |a Bible |x Study and teaching. |
| 655 | 0 | |a Electronic books. | |
| 700 | 1 | |a Pérez Escobar, José, |e translator. | |
| 700 | 1 | |i Translation of: |a Aletti, Jean-Noël. |t Évangile de Luc et les Écritures d'Israël. | |
| 791 | 2 | |a Digitalia (Firm), |e distributor. | |
| 793 | 0 | |g Digitalia eBook Collection: |a Editorial Verbo Divino | |
| 776 | 0 | 8 | |i Print version: |a Aletti, Jean-Noël. |s Évangile de Luc et les Écritures d'Israël. Spanish (Pérez Escobar). |t Evangelio de Lucas y las escrituras de Israel. |d Estella (Navarra), España : Editorial Verbo Divino, [2019] |z 9788490734803 |
| 830 | 0 | |a Cuadernos bíblicos ; |v 185. | |
| 856 | 4 | 0 | |3 Digitalia Hispánica |u https://digitalia.unach.elogim.com/a/62262/ |
| 910 | |a Premium collection: 2022 | ||